000 00544nam a2200205Ia 4500
005 20250508164457.0
008 008 250505s9999 xx 000 0 eng d
037 _aTextual
040 _aFEDL
_beng
_cFEDL
041 _aeng
_2eng
084 _a305.4201, NIC
_qFEDL
100 _aNicholson Linda J Ed.
245 0 _aFeminism/ postmodernism
260 _aNew York, USA
_bRoutledge
_c1990
300 _aix,348p.
365 _aGBP
_b11.99
650 _aWomen
942 _cTEXL
_h305.4201, NIC
999 _c1389328
_d1389328